The Only Country That ... - Statistics

General Stats
  • This quiz has been taken 61 times
    44 since last reset
  • The average score is 11 of 14
Answer Stats
Hint Answer % Correct
The only country which is also its own continent Australia
100%
The only country whose name begins with the letter Q Qatar
100%
The only country whose name begins with the letter Y Yemen
97%
The only nation with the word "East" in its name East Timor
92%
The only country in Southeast Asia which is landlocked Laos
92%
The only country with a non-quadrilateral shaped flag Nepal
92%
The only country with the word "Guinea" in its name that is NOT in Africa Papua New Guinea
92%
The only country which Gambia borders Senegal
86%
The only European country with the letter X in its name Luxembourg
83%
The only Central American country to not have a shoreline on the Atlantic Ocean El Salvador
81%
The only country with 3 of the letter U in its name Uruguay
81%
The only country in the world whose name ends with the letter H Bangladesh
53%
The only country with the word "love"spelled out by some of the letters in its name Slovenia
47%
The only country which has not ratified the Convention On Children's Rights United States
42%
No matching quizzes found
Score Distribution
Percent of People with Each Score
Percentile by Number Answered
Your Score History
You have not taken this quiz since the last reset